| 000 | 00794cam a2200217 a 4500 | ||
|---|---|---|---|
| 001 | 000005911 | ||
| 005 | 20200929151833.0 | ||
| 008 | 781005s1970 ve a b f001 0 spa | ||
| 040 |
_aDO-SdBNP _cDLC _dDLC |
||
| 082 |
_a928.687 _bB446B |
||
| 100 | 1 |
_aBarnola, Pedro Pablo. _q(Pedro Pablo Barnola), _d1908-1986. _916672 |
|
| 245 | 1 | 0 |
_aEstudios sobre Bello / _cPedro P. Barnola. |
| 260 |
_aCaracas : _bMinisterio de Educación. Dirección Técnica, Departamento de Publicaciones, _c1970. |
||
| 300 |
_a295 p. : _bil. ; _c22 cm. |
||
| 490 | 1 |
_aVigilia _v22 |
|
| 504 | _aIncluye referencias bibliográficas. | ||
| 600 | 1 | 0 |
_aBELLO, ANDRÈS, _d1781-1865. _916673 |
| 650 | 0 |
_aAutores venezolanos _ySIGLO XIX _xBiografìa _916674 |
|
| 830 | 0 |
_aVigilia ; _v22 _916675 |
|
| 910 | _aCatalogación por copia / LC | ||
| 999 |
_c5707 _d5707 |
||